000 00348 a2200169 4500
001 57417
020 _a8533612877
040 _cAnchieta - Pituba
100 _aYumoto, Kazumi
240 1 0 _aOs amigos
_lpor
245 1 0 _aOs amigos
300 _a222
362 0 _a2000
440 1 _aMartins Fontes
650 4 _aLiteratura juvenil
942 _cBK
999 _c57417
_d57417